000 00814nas a2200301 4500
001 BR8501430
003 BR-BrBNA
005 20231205090141.0
007 ta
008 230509b bl.|||p| |||| 00| 00por d
040 _aBR-BrBNA
_bpor
_cBiblioteca Nacional de Agricultura
041 _a(Pt)
072 _aL73
100 1 _aLiberal, M.H.T.
100 1 _aCarneiro, G.M.
100 1 _aFreitas, M.A.Q. de
100 1 _aVollu, W.E.
100 1 _aRomijn, P.C.
100 1 _aMagalhaes, H.
100 1 _aGoncalves, W.M.
245 1 _aControle da salmonelose bovina
650 _aSALMONELOSE
650 _aBOVINO
650 _aPROFILAXIA
773 0 _tBalde Branco (Brazil)
_xISSN 0005-4275
_g(Jan 1985), v. 18(243) p. 35
_wBR8501430
909 _a202311
_bLúcia
_c55
_dLúcia Elande
942 _2AGRIS
_n0
_cANA
999 _c116426
_d116426